Law relating to central armed police forces & AR (Record no. 3438)

000 -LEADER
fixed length control field 00605nam a2200193Ia 4500
008 - FIXED-LENGTH DATA ELEMENTS--GENERAL INFORMATION
fixed length control field 250604t2024 xx |||||||||||||| ||und||
020 ## - INTERNATIONAL STANDARD BOOK NUMBER
International Standard Book Number 9789364527705
Terms of availability Rs. 590.00
040 ## - CATALOGING SOURCE
Original cataloging agency IMU Kochi Library
082 04 - DEWEY DECIMAL CLASSIFICATION NUMBER
Classification number 344.05
Item number P8849
Edition number 23
100 1# - MAIN ENTRY--PERSONAL NAME
Personal name Prakash, Shakti
245 14 - TITLE STATEMENT
Title Law relating to central armed police forces & AR
Sub Title : including leading case laws /
260 ## - PUBLICATION, DISTRIBUTION, ETC. (IMPRINT)
Place of publication, distribution, etc New Delhi :
Name of publisher, distributor, etc Bluerose publishers,
Date of publication, distribution, etc 2024
300 ## - PHYSICAL DESCRIPTION
Extent 387 p.
Other physical details :
Dimensions ; 23 cm.
650 #0 - SUBJECT ADDED ENTRY--TOPICAL TERM
Topical term or geographic name as entry element police -- law
Geographic subdivision India
700 ## - ADDED ENTRY--PERSONAL NAME
Personal name Gautam, Himanshu
Relator term Joint Author
852 ## - LOCATION/CALL NUMBER
Location IMU Kochi Library
904 ## - LOCAL DATA ELEMENT D, LDD (RLIN)
CATALOGER Akhil Bose
942 ## - ADDED ENTRY ELEMENTS (KOHA)
Item type Books
Holdings
Withdrawn status Lost status Source of classification or shelving scheme Damaged status Not for loan Collection code Permanent location Current location Shelving location Date acquired Source of acquisition Cost, normal purchase price Full call number Barcode Date last seen Koha item type
          Law IMU Kochi Library IMU Kochi Library Reference 2025-06-04 Direct online purchase from Amazon (XIHG-50775 dt. 28.05.2025) 367.00 344.05 P8849 BK006906 2025-06-24 Books


Copyright © All Rights Reserved by Indian Maritime University, Kochi Campus.
For any Suggestions/Query Contact to library or Email: library.kochi@imu.ac.in Ph:(0484)-2989402
(Web OPAC Designed by Rudra Ranjan. Maintained by IMU Kochi Library)

Powered by Koha